[Event "Copa Latinoamericana de Ajedrez 2011"]
[Site "Montevideo URU"]
[Date "2011.11.02"]
[Round "2.29"]
[White "Izquierdo, Daniel"]
[Black "Coppola, Claudio"]
[Result "0-1"]
[WhiteElo "2277"]
[BlackElo "2092"]
[PlyCount "76"]
[EventDate "2011.11.01"]
[EventType "swiss"]
[EventRounds "9"]
[EventCountry "URU"]
[Source "lmi"]
[SourceDate "2011.11.01"]

1. e4 e5 2. Bc4 Nf6 3. d3 c6 4. Nf3 d5 5. Bb3 Qc7 6. O-O Bd6 7. Nc3 dxe4 8.
dxe4 Nbd7 9. Bg5 h6 10. Bh4 g5 11. Bg3 Nc5 12. Nd2 Be6 13. Bxe6 Nxe6 14. Nc4
O-O-O 15. Qf3 Nf4 16. Rfd1 Bc5 17. Bxf4 gxf4 18. Rxd8+ Rxd8 19. Rd1 Bd4 20. h3
b5 21. Nd2 Bxc3 22. bxc3 Qa5 23. Nb3 Qxa2 24. Rxd8+ Kxd8 25. Qd3+ Kc7 26. c4
Qb1+ 27. Kh2 Qe1 28. f3 Qg3+ 29. Kg1 Qe1+ 30. Kh2 Qe3 31. Qd1 bxc4 32. Na5 Qc3
33. Nb7 Kxb7 34. Qd8 Nh5 35. Qd7+ Kb6 36. Qxf7 Ng3 37. h4 Qe1 38. Kh3 h5 0-1

[Event "Copa Latinoamericana de Ajedrez 2011"]
[Site "Montevideo URU"]
[Date "2011.11.02"]
[Round "2.30"]
[White "Escofet, Jaime"]
[Black "Trois, Francisco R Terres"]
[Result "1/2-1/2"]
[WhiteElo "2056"]
[BlackElo "2275"]
[PlyCount "67"]
[EventDate "2011.11.01"]
[EventType "swiss"]
[EventRounds "9"]
[EventCountry "URU"]
[Source "lmi"]
[SourceDate "2011.11.01"]

1. d4 d5 2. e3 Nf6 3. Nf3 g6 4. Bd3 Bg7 5. Nbd2 O-O 6. O-O c5 7. b3 Nc6 8. Bb2
b6 9. a3 Qc7 10. Qe2 Rd8 11. Rac1 Bb7 12. Ne5 Nxe5 13. dxe5 Ne4 14. Nf3 e6 15.
c4 Qe7 16. Qc2 Rd7 17. Rfd1 Rad8 18. h3 Ng5 19. Nh2 h5 20. f4 Ne4 21. Nf3 Ng3
22. Ng5 Nf5 23. Bxf5 exf5 24. cxd5 Rxd5 25. Rxd5 Rxd5 26. e4 fxe4 27. Nxe4 Qe6
28. Nd6 Bc6 29. Rf1 f5 30. b4 Bf8 31. b5 Bd7 32. a4 Bxd6 33. exd6 Qxd6 34. Qf2
1/2-1/2

[Event "Copa Latinoamericana de Ajedrez 2011"]
[Site "Montevideo URU"]
[Date "2011.11.02"]
[Round "2.31"]
[White "Espinoza Palomino, Willyam"]
[Black "Cervetto, Esteban"]
[Result "1-0"]
[WhiteElo "2273"]
[BlackElo "2076"]
[PlyCount "77"]
[EventDate "2011.11.01"]
[EventType "swiss"]
[EventRounds "9"]
[EventCountry "URU"]
[Source "lmi"]
[SourceDate "2011.11.01"]

1. e4 e5 2. Nf3 Nc6 3. Bb5 a6 4. Ba4 Nf6 5. O-O Be7 6. Re1 b5 7. Bb3 d6 8. c3
O-O 9. h3 Bb7 10. d4 Re8 11. Nbd2 h6 12. a4 Bf8 13. d5 Ne7 14. c4 c6 15. dxc6
Bxc6 16. axb5 axb5 17. Rxa8 Qxa8 18. cxb5 Bxe4 19. Nxe4 Nxe4 20. Bc2 f5 21. Nh4
d5 22. f3 Qa7+ 23. Kh2 Nd6 24. Rxe5 Qb8 25. f4 g5 26. Nxf5 Nexf5 27. Qxd5+ Kh8
28. Bxf5 Rxe5 29. Qxe5+ Bg7 30. Qd5 Nxb5 31. Kh1 gxf4 32. Bxf4 Qe8 33. Bd3 Nd4
34. Kh2 Qe6 35. Qa8+ Qg8 36. Qe4 Bf6 37. b4 Qf7 38. b5 Ne6 39. Bc4 1-0

[Event "Copa Latinoamericana de Ajedrez 2011"]
[Site "Montevideo URU"]
[Date "2011.11.02"]
[Round "2.32"]
[White "Tregarthen, Emiliano"]
[Black "Rodriguez, Santiago"]
[Result "1/2-1/2"]
[WhiteElo "2051"]
[BlackElo "2269"]
[PlyCount "87"]
[EventDate "2011.11.01"]
[EventType "swiss"]
[EventRounds "9"]
[EventCountry "URU"]
[Source "lmi"]
[SourceDate "2011.11.01"]

1. d4 Nf6 2. Nf3 d6 3. Bf4 Nh5 4. Bd2 g6 5. e4 Bg7 6. Nc3 O-O 7. Bc4 c6 8. a4
e5 9. dxe5 dxe5 10. O-O Qe7 11. Bg5 Bf6 12. Bxf6 Qxf6 13. Qd2 Bg4 14. Ne1 Nf4
15. f3 Rd8 16. Qf2 Be6 17. Bxe6 Qxe6 18. Rd1 Rxd1 19. Nxd1 Na6 20. b3 Qd6 21.
Nb2 Qc5 22. Ned3 Nxd3 23. Nxd3 Qxf2+ 24. Kxf2 f6 25. Ke3 Nc7 26. g3 Ne6 27. c3
Kf7 28. b4 a5 29. Ra1 axb4 30. cxb4 Ke7 31. f4 Nd4 32. Ra2 Kd6 33. a5 b6 34. a6
Nb5 35. fxe5+ fxe5 36. Nb2 Nc7 37. Nc4+ Ke6 38. Rd2 Nb5 39. Ra2 Nc7 40. a7 Nb5
41. Ra6 Rxa7 42. Rxb6 Nd4 43. b5 Ra4 44. Kd3 1/2-1/2

[Event "Copa Latinoamericana de Ajedrez 2011"]
[Site "Montevideo URU"]
[Date "2011.11.02"]
[Round "2.33"]
[White "Lacayo, Rene"]
[Black "Arean, Martin"]
[Result "1-0"]
[WhiteElo "2264"]
[BlackElo "2066"]
[PlyCount "87"]
[EventDate "2011.11.01"]
[EventType "swiss"]
[EventRounds "9"]
[EventCountry "URU"]
[Source "lmi"]
[SourceDate "2011.11.01"]

1. d4 Nf6 2. c4 e6 3. Nf3 Bb4+ 4. Bd2 Qe7 5. g3 Nc6 6. Bg2 Bxd2+ 7. Nbxd2 d6 8.
O-O O-O 9. e4 e5 10. d5 Nb8 11. b4 a5 12. a3 Na6 13. Qb3 Bd7 14. Rfc1 c6 15.
Ne1 Rfc8 16. Nd3 axb4 17. axb4 Nc7 18. h3 h6 19. Kh2 g5 20. Nb2 Nfe8 21. Qe3
Ng7 22. c5 Nb5 23. Rxa8 Rxa8 24. Nbc4 Ne8 25. cxd6 Nexd6 26. Na5 cxd5 27. exd5
f5 28. Ndc4 Nxc4 29. Nxc4 e4 30. f3 Qxb4 31. fxe4 Ra2 32. exf5 Bxf5 33. Qe5 Rf2
34. Kg1 Qc5 35. Qe3 Rxg2+ 36. Kxg2 Qxd5+ 37. Kh2 Nd4 38. Nd2 Bd7 39. Rf1 Bc6
40. Qf2 Nb5 41. Qf8+ Kh7 42. Qe7+ Kg6 43. Rf6+ Kh5 44. Qe2+ 1-0

[Event "Copa Latinoamericana de Ajedrez 2011"]
[Site "Montevideo URU"]
[Date "2011.11.02"]
[Round "2.34"]
[White "Barboza, Mauro"]
[Black "Cuevas Araya, Walter"]
[Result "1/2-1/2"]
[WhiteElo "2051"]
[BlackElo "2259"]
[PlyCount "62"]
[EventDate "2011.11.01"]
[EventType "swiss"]
[EventRounds "9"]
[EventCountry "URU"]
[Source "lmi"]
[SourceDate "2011.11.01"]

1. e4 c6 2. d4 d5 3. exd5 cxd5 4. Nf3 Nf6 5. Be2 Nc6 6. O-O Bf5 7. c3 Qb6 8.
Qb3 Qxb3 9. axb3 e6 10. Bf4 Be7 11. b4 O-O 12. b5 Nb8 13. h3 Nbd7 14. Nfd2 Ne4
15. Nxe4 Bxe4 16. Nd2 Bg6 17. Ra2 Nb6 18. Rfa1 Nc8 19. b6 Nxb6 20. Rxa7 Rfc8
21. Nb3 Bc2 22. Nc5 Rxa7 23. Rxa7 Bxc5 24. dxc5 Na4 25. Rxb7 Nxc5 26. Ra7 Bb3
27. Ra3 Bc4 28. Kf1 f6 29. Be3 Nb3 30. Bxc4 dxc4 31. Ra4 Rc7 1/2-1/2

[Event "Copa Latinoamericana de Ajedrez 2011"]
[Site "Montevideo URU"]
[Date "2011.11.02"]
[Round "2.35"]
[White "Hernandez, Alexander"]
[Black "Meyer Monsalver, Ewald"]
[Result "1-0"]
[WhiteElo "2258"]
[BlackElo "2060"]
[PlyCount "87"]
[EventDate "2011.11.01"]
[EventType "swiss"]
[EventRounds "9"]
[EventCountry "URU"]
[Source "lmi"]
[SourceDate "2011.11.01"]

1. e4 e6 2. d4 d5 3. Nd2 c5 4. Ngf3 Nc6 5. exd5 exd5 6. Be2 Nf6 7. O-O c4 8. c3
Bd6 9. b3 b5 10. a4 bxa4 11. bxc4 O-O 12. Ba3 Bxa3 13. Rxa3 Bd7 14. c5 Rb8 15.
Rxa4 Re8 16. Bd3 Qc7 17. Ra1 Qf4 18. Qc2 h6 19. Rfe1 Rxe1+ 20. Rxe1 a5 21. Nf1
Re8 22. Rxe8+ Bxe8 23. Ne3 Qb8 24. Qa2 Qd8 25. Ne5 Nxe5 26. dxe5 Ne4 27. Bxe4
dxe4 28. e6 fxe6 29. Qxe6+ Bf7 30. Qxe4 Qd2 31. g3 Qxc3 32. Qa8+ Kh7 33. Qe4+
Bg6 34. Qc4 Qa1+ 35. Kg2 Qb1 36. c6 Qe4+ 37. Kg1 Qb1+ 38. Qf1 Qb6 39. Qc1 Qc7
40. Nd5 Qc8 41. c7 Be4 42. Nb6 Qh3 43. f3 Bxf3 44. Qc2+ 1-0

[Event "Copa Latinoamericana de Ajedrez 2011"]
[Site "Montevideo URU"]
[Date "2011.11.02"]
[Round "2.36"]
[White "Bassan, Remo"]
[Black "Garcia Silveira, Luis"]
[Result "1-0"]
[WhiteElo "2255"]
[BlackElo "2053"]
[PlyCount "121"]
[EventDate "2011.11.01"]
[EventType "swiss"]
[EventRounds "9"]
[EventCountry "URU"]
[Source "lmi"]
[SourceDate "2011.11.01"]

1. e4 c5 2. Nf3 d6 3. d4 cxd4 4. Nxd4 Nf6 5. Nc3 a6 6. Bc4 e6 7. Bb3 Nbd7 8.
Bg5 Nc5 9. f4 Be7 10. Qf3 Qc7 11. O-O-O O-O 12. f5 Bd7 13. Kb1 b5 14. a3 Rab8
15. Rhf1 a5 16. fxe6 fxe6 17. Nf5 Bc6 18. Nxe7+ Qxe7 19. Qg3 Nxb3 20. Rxf6 Rxf6
21. Bxf6 Qxf6 22. Qxd6 Rc8 23. cxb3 Qg6 24. Rd4 h6 25. g3 Kh7 26. b4 axb4 27.
Rxb4 Kh8 28. Ka2 Qe8 29. Rd4 Qf7 30. Ka1 Qf1+ 31. Rd1 Qf7 32. Qf4 Qb7 33. e5
Ra8 34. Qb4 Re8 35. Ka2 Kg8 36. Rd6 Kf7 37. Ka1 Re7 38. Qc5 Be8 39. Rd4 Bc6 40.
Rd6 Be8 41. Rb6 Qh1+ 42. Ka2 Rb7 43. Ra6 Qg2 44. Qd6 Bd7 45. Ra8 Be8 46. Qb4
Bc6 47. Rf8+ Kg6 48. Qg4+ Kh7 49. Qxe6 b4 50. Qf5+ g6 51. Rf7+ Rxf7 52. Qxf7+
Kh8 53. Qf8+ Kh7 54. Qf7+ Kh8 55. axb4 Qh1 56. Qf8+ Kh7 57. Qe7+ Kg8 58. Qd6
Kg7 59. e6 Qf3 60. b5 Be8 61. Qe7+ 1-0

[Event "Copa Latinoamericana de Ajedrez 2011"]
[Site "Montevideo URU"]
[Date "2011.11.02"]
[Round "2.37"]
[White "Rezende Vilela, Guilherme"]
[Black "Carvalho, Guillermo"]
[Result "1/2-1/2"]
[WhiteElo "2050"]
[BlackElo "2244"]
[PlyCount "81"]
[EventDate "2011.11.01"]
[EventType "swiss"]
[EventRounds "9"]
[EventCountry "URU"]
[Source "lmi"]
[SourceDate "2011.11.01"]

1. d4 d5 2. c4 e5 3. dxe5 d4 4. Nf3 Nc6 5. a3 Nge7 6. b4 Ng6 7. Bb2 Ncxe5 8.
Nxe5 Nxe5 9. Bxd4 Nxc4 10. e3 Nd6 11. Bd3 Qg5 12. Qf3 Bf5 13. Bxf5 Qxf5 14.
Qxf5 Nxf5 15. Bb2 f6 16. Ke2 Be7 17. Nd2 Kf7 18. Rac1 c6 19. Nb3 Rhd8 20. g4
Nd6 21. h4 Rac8 22. Rc2 Rc7 23. Nc5 b5 24. Na6 Rcc8 25. Bd4 Nc4 26. a4 Rd7 27.
Ra1 Re8 28. Kf3 Bd6 29. Nc5 Rde7 30. axb5 cxb5 31. Rca2 Ne5+ 32. Bxe5 Bxe5 33.
Rc1 Rb8 34. Nd3 Bd6 35. Rc6 Rd7 36. Raa6 Be7 37. Nc5 Bxc5 38. Rxc5 Re7 39. Ra5
Reb7 40. Rc6 Re8 41. Rc5 1/2-1/2

[Event "Copa Latinoamericana de Ajedrez 2011"]
[Site "Montevideo URU"]
[Date "2011.11.02"]
[Round "2.40"]
[White "Bentancor, Franco"]
[Black "Meruvia Meruvia, Juan"]
[Result "1-0"]
[WhiteElo "2240"]
[BlackElo "1905"]
[PlyCount "49"]
[EventDate "2011.11.01"]
[EventType "swiss"]
[EventRounds "9"]
[EventCountry "URU"]
[Source "lmi"]
[SourceDate "2011.11.01"]

1. e4 c5 2. b3 Nc6 3. Bb2 d6 4. Bb5 Nf6 5. d3 e6 6. f4 Bd7 7. Nf3 a6 8. Bxc6
Bxc6 9. Nbd2 Qc7 10. O-O O-O-O 11. a4 d5 12. Qe2 d4 13. Nc4 h6 14. c3 Kb8 15.
cxd4 cxd4 16. Kh1 Bc5 17. b4 Bxb4 18. Bxd4 Rxd4 19. Nxd4 Rd8 20. Qb2 a5 21.
Nxc6+ Qxc6 22. Qe5+ Qc7 23. Rac1 Rc8 24. Nb6 Qxe5 25. Rxc8+ 1-0

[Event "Copa Latinoamericana de Ajedrez 2011"]
[Site "Montevideo URU"]
[Date "2011.11.02"]
[Round "2.42"]
[White "Muniz, Rafael"]
[Black "Blixen, Federico"]
[Result "1/2-1/2"]
[WhiteElo "2220"]
[BlackElo "2131"]
[PlyCount "124"]
[EventDate "2011.11.01"]
[EventType "swiss"]
[EventRounds "9"]
[EventCountry "URU"]
[Source "lmi"]
[SourceDate "2011.11.01"]

1. e4 e5 2. Nf3 Nf6 3. Nc3 Nc6 4. d4 exd4 5. Nxd4 Bb4 6. Nxc6 bxc6 7. Bd3 O-O
8. O-O Re8 9. Qf3 h6 10. Bd2 Rb8 11. Rae1 d6 12. a3 Ba5 13. b4 Bb6 14. Qg3 Nh5
15. Qf3 Nf6 16. h3 a5 17. Ne2 axb4 18. axb4 d5 19. Ng3 Bd4 20. exd5 Rxe1 21.
Rxe1 cxd5 22. c3 Bb6 23. Bf4 Be6 24. Nf5 Bxf5 25. Bxf5 Ra8 26. Be3 Bxe3 27.
Qxe3 Qd6 28. Qd4 Re8 29. Rxe8+ Nxe8 30. g3 Nf6 31. Kg2 g6 32. Bc2 Nd7 33. Bb3
Nb6 34. Kf3 Qe6 35. h4 h5 36. Qe3 Kg7 37. Qd4+ Kg8 38. Kg2 Qd6 39. Kf3 Qe6 40.
Qe3 Kg7 41. Qxe6 fxe6 42. Ke3 e5 43. f4 Kf6 44. fxe5+ Kxe5 45. Bc2 Nc4+ 46. Ke2
Kf6 47. Kd3 Ke5 48. Ke2 Kf6 49. Kf3 g5 50. Bh7 gxh4 51. gxh4 Nd6 52. Ke3 Ke5
53. Bg6 Ne4 54. Bxe4 dxe4 55. c4 c6 56. b5 cxb5 57. cxb5 Kd5 58. b6 Kc6 59.
Kxe4 Kxb6 60. Kf5 Kc6 61. Kg5 Kd6 62. Kxh5 Ke7 1/2-1/2

[Event "Copa Latinoamericana de Ajedrez 2011"]
[Site "Montevideo URU"]
[Date "2011.11.02"]
[Round "2.43"]
[White "Ibañez, Marcelo"]
[Black "Quenallata, Luciano"]
[Result "0-1"]
[WhiteElo "1854"]
[BlackElo "2217"]
[PlyCount "90"]
[EventDate "2011.11.01"]
[EventType "swiss"]
[EventRounds "9"]
[EventCountry "URU"]
[Source "lmi"]
[SourceDate "2011.11.01"]

1. d4 Nf6 2. c4 e6 3. Nf3 b6 4. g3 Bb7 5. Bg2 Bb4+ 6. Bd2 a5 7. O-O O-O 8. a3
Be7 9. Nc3 Ne4 10. Re1 d6 11. Qc2 f5 12. h4 h6 13. d5 Nxd2 14. Qxd2 e5 15. Rad1
Nd7 16. b4 Bf6 17. Bh3 e4 18. Nd4 Bxd4 19. Qxd4 Ne5 20. c5 bxc5 21. bxc5 Ba6
22. Bg2 g5 23. hxg5 hxg5 24. f3 Bxe2 25. Rxe2 exf3 26. Rxe5 dxe5 27. Qxe5 fxg2
28. Qe6+ Kg7 29. Qe5+ Qf6 30. Qxf6+ Kxf6 31. Nb5 Rac8 32. Kxg2 c6 33. Nd6 Rc7
34. Nc4 cxd5 35. Rxd5 Rfc8 36. Nb6 Re8 37. Nd7+ Ke6 38. Rd6+ Kf7 39. Rd5 Re2+
40. Kf3 Ra2 41. Rd3 Ke7 42. Nb6 Rxc5 43. Nd5+ Ke6 44. Ne3 g4+ 45. Kf4 Rf2+ 0-1

[Event "Copa Latinoamericana de Ajedrez 2011"]
[Site "Montevideo URU"]
[Date "2011.11.02"]
[Round "2.44"]
[White "Perez Gormaz, Matias"]
[Black "Rodriguez, Sergio"]
[Result "0-1"]
[WhiteElo "2216"]
[BlackElo "2009"]
[PlyCount "123"]
[EventDate "2011.11.01"]
[EventType "swiss"]
[EventRounds "9"]
[EventCountry "URU"]
[Source "lmi"]
[SourceDate "2011.11.01"]

1. e4 e5 2. Nf3 Nc6 3. Bb5 g6 4. d4 Bg7 5. Bxc6 dxc6 6. dxe5 Qxd1+ 7. Kxd1 Bg4
8. Bf4 O-O-O+ 9. Nbd2 h6 10. Kc1 Ne7 11. h4 Rd7 12. Ne1 Rhd8 13. Nd3 b6 14. Be3
c5 15. a4 a5 16. f4 Kb7 17. Nf2 Be2 18. Re1 Ba6 19. g4 Nc6 20. Nf3 Nd4 21. Bxd4
cxd4 22. Nd3 c5 23. b3 c4 24. bxc4 Bxc4 25. Rh1 Rc7 26. Nfe1 Rdc8 27. Rh2 Bf8
28. Kd1 Ka7 29. f5 Be7 30. Nf4 Bb4 31. Nd5 Rd7 32. Nxb4 axb4 33. Rb1 d3 34.
Rxb4 dxc2+ 35. Kxc2 Be2+ 36. Kb2 Rd2+ 37. Ka3 Rc3+ 38. Rb3 Rxb3+ 39. Kxb3 Bd1+
40. Kc3 Rxh2 41. e6 fxe6 42. fxg6 Rxh4 43. g5 Rg4 44. Kd2 Bb3 45. Nf3 h5 46. e5
Rc4 47. Kd3 Rc8 48. Nd4 Bd5 49. Ke3 Rg8 50. Kf4 Rxg6 51. Nb5+ Ka6 52. Nc7+ Ka5
53. Nxd5 exd5 54. Kf5 Rg8 55. e6 h4 56. g6 h3 57. e7 h2 58. Kf6 h1=Q 59. Kf7
Rc8 60. g7 Qh5+ 61. Ke6 Qg4+ 62. Kf7 0-1

[Event "Copa Latinoamericana de Ajedrez 2011"]
[Site "Montevideo URU"]
[Date "2011.11.02"]
[Round "2.45"]
[White "Pesuto, Nicolas"]
[Black "Cristobal, Manuel"]
[Result "0-1"]
[WhiteElo "1755"]
[BlackElo "2208"]
[PlyCount "74"]
[EventDate "2011.11.01"]
[EventType "swiss"]
[EventRounds "9"]
[EventCountry "URU"]
[Source "lmi"]
[SourceDate "2011.11.01"]

1. e4 Nc6 2. Nf3 d5 3. exd5 Qxd5 4. Nc3 Qh5 5. Nb5 Kd8 6. Nbd4 Nxd4 7. Nxd4
Qxd1+ 8. Kxd1 e5 9. Nb3 Be6 10. d3 Nf6 11. h3 Nd5 12. Be2 a5 13. Bf3 a4 14. Nd2
a3 15. b3 Bc5 16. Ne4 Bd4 17. c3 Nxc3+ 18. Nxc3 Bxc3 19. Rb1 c6 20. Kc2 Bd4 21.
Rf1 Kc7 22. Bd2 Rhd8 23. Rbe1 Rd7 24. Bc3 Rad8 25. Be2 Bf5 26. Rd1 e4 27. g4
Bg6 28. dxe4 Bxe4+ 29. Bd3 Bf3 30. Rd2 Bxc3 31. Kxc3 c5 32. Re1 b5 33. Re3 b4+
34. Kc2 Bc6 35. Rde2 Rxd3 36. Rxd3 Rxd3 37. Re7+ Rd7 0-1

[Event "Copa Latinoamericana de Ajedrez 2011"]
[Site "Montevideo URU"]
[Date "2011.11.02"]
[Round "2.46"]
[White "Oddone, Cristhian"]
[Black "Cicero, Carlos"]
[Result "1-0"]
[WhiteElo "2197"]
[BlackElo "1937"]
[PlyCount "49"]
[EventDate "2011.11.01"]
[EventType "swiss"]
[EventRounds "9"]
[EventCountry "URU"]
[Source "lmi"]
[SourceDate "2011.11.01"]

1. e4 e6 2. d3 d5 3. Nd2 Nf6 4. Ngf3 Be7 5. g3 O-O 6. Bg2 b6 7. O-O Bb7 8. e5
Nfd7 9. Re1 c5 10. Nf1 Nc6 11. h4 Re8 12. Bf4 f6 13. Bh3 f5 14. N1h2 Bf8 15. g4
g6 16. h5 Bg7 17. c3 Qe7 18. hxg6 hxg6 19. d4 Qf8 20. gxf5 gxf5 21. Ng5 Bh6 22.
Kh1 Bxg5 23. Rg1 Re7 24. Bxg5 Rg7 25. Bh6 1-0

[Event "Copa Latinoamericana de Ajedrez 2011"]
[Site "Montevideo URU"]
[Date "2011.11.02"]
[Round "2.47"]
[White "Avedisian, Alexander"]
[Black "Chadwick, Norman"]
[Result "0-1"]
[WhiteElo "1965"]
[BlackElo "2196"]
[PlyCount "76"]
[EventDate "2011.11.01"]
[EventType "swiss"]
[EventRounds "9"]
[EventCountry "URU"]
[Source "lmi"]
[SourceDate "2011.11.01"]

1. e4 Nf6 2. e5 Nd5 3. c4 Nb6 4. d4 d6 5. exd6 exd6 6. Be3 Be7 7. Nf3 O-O 8.
Bd3 Re8 9. O-O Bf6 10. Qc2 g6 11. Nc3 Nc6 12. d5 Nb4 13. Qd2 Nxd3 14. Qxd3 Bf5
15. Qe2 Bxc3 16. bxc3 Bg4 17. Qd3 Bxf3 18. gxf3 Qh4 19. f4 Qg4+ 20. Kh1 Qf3+
21. Kg1 Re4 22. Qd1 Qxd1 23. Rfxd1 Nxc4 24. Rd3 Rae8 25. Re1 Rxf4 26. Bxf4
Rxe1+ 27. Kg2 f6 28. h4 Kg7 29. h5 g5 30. Bg3 Re2 31. Rd4 b5 32. a4 a6 33. Kh3
f5 34. Kg2 Rc2 35. axb5 axb5 36. Rd3 f4 37. Bh2 Ne5 38. Rh3 f3+ 0-1

[Event "Copa Latinoamericana de Ajedrez 2011"]
[Site "Montevideo URU"]
[Date "2011.11.02"]
[Round "2.48"]
[White "Fell, Sebastian"]
[Black "Zecharies, Alexis"]
[Result "1-0"]
[WhiteElo "2194"]
[BlackElo "1697"]
[PlyCount "37"]
[EventDate "2011.11.01"]
[EventType "swiss"]
[EventRounds "9"]
[EventCountry "URU"]
[Source "lmi"]
[SourceDate "2011.11.01"]

1. e4 e6 2. d4 d5 3. Nc3 Bb4 4. Nge2 b6 5. a3 Bf8 6. g3 dxe4 7. Bg2 f5 8. O-O
Nf6 9. f3 exf3 10. Bxf3 c6 11. Bg5 Be7 12. Nf4 Nd5 13. Bxe7 Kxe7 14. Ncxd5+
exd5 15. c4 dxc4 16. d5 Na6 17. Qe2+ Kf6 18. Qxc4 Re8 19. Qxc6+ 1-0

[Event "Copa Latinoamericana de Ajedrez 2011"]
[Site "Montevideo URU"]
[Date "2011.11.02"]
[Round "2.49"]
[White "Ottonelo Gandarias, Marcos"]
[Black "Jodorcovsky Werjivker, Paulo"]
[Result "0-1"]
[WhiteElo "1749"]
[BlackElo "2194"]
[PlyCount "110"]
[EventDate "2011.11.01"]
[EventType "swiss"]
[EventRounds "9"]
[EventCountry "URU"]
[Source "lmi"]
[SourceDate "2011.11.01"]

1. e4 c5 2. Ne2 e6 3. Nbc3 a6 4. g3 b5 5. Bg2 Bb7 6. O-O Nc6 7. f4 d6 8. f5 Nf6
9. d3 b4 10. Nb1 e5 11. h3 Be7 12. g4 h6 13. Be3 Rc8 14. Nd2 Na5 15. Ng3 c4 16.
h4 cxd3 17. cxd3 Nd7 18. Nh5 Bxh4 19. Nxg7+ Kf8 20. Nh5 Bg5 21. Bf2 Nf6 22.
Nxf6 Qxf6 23. Nf3 Rg8 24. Qe2 Nc6 25. Nxg5 Qxg5 26. Bh3 Nd4 27. Bxd4 exd4 28.
Kh2 h5 29. Rf3 Rc1 30. Rxc1 Qxc1 31. Rg3 Qf4 32. Kg2 h4 33. Rf3 Qe5 34. Qd2 Qc5
35. Qh6+ Ke8 36. Qxh4 Qa5 37. Qe1 Qc5 38. Qd2 a5 39. g5 Qe5 40. Rg3 d5 41. exd5
Bxd5+ 42. Kf1 Rh8 43. Qe2 Qxe2+ 44. Kxe2 Bxa2 45. Kf3 a4 46. Ke4 a3 47. bxa3 b3
48. g6 b2 49. g7 Rg8 50. Rg1 f6 51. Kxd4 b1=Q 52. Rxb1 Bxb1 53. a4 Rxg7 54. Kd5
Ra7 55. Ke6 Ra6+ 0-1

[Event "Copa Latinoamericana de Ajedrez 2011"]
[Site "Montevideo URU"]
[Date "2011.11.02"]
[Round "2.50"]
[White "Iturrizaga, Eduardo"]
[Black "Belistri, Ubaldo"]
[Result "1-0"]
[WhiteElo "2656"]
[BlackElo "2051"]
[PlyCount "49"]
[EventDate "2011.11.01"]
[EventType "swiss"]
[EventRounds "9"]
[EventCountry "URU"]
[Source "lmi"]
[SourceDate "2011.11.01"]

1. d4 d5 2. c4 c6 3. Nc3 Nf6 4. Nf3 dxc4 5. a4 Bf5 6. Ne5 e6 7. f3 Bb4 8. Nxc4
Bg6 9. e4 c5 10. dxc5 Qxd1+ 11. Kxd1 Bxc5 12. Nb5 Kd7 13. Ne5+ Kc8 14. Bd2 Nbd7
15. Nd3 Be7 16. Bf4 e5 17. Rc1+ Kd8 18. Nxe5 a6 19. Nxg6 hxg6 20. Nd6 Bxd6 21.
Bxd6 Ne8 22. Ba3 Ne5 23. Be2 g5 24. Kd2 Rc8 25. Be7+ 1-0

[Event "Copa Latinoamericana de Ajedrez 2011"]
[Site "Montevideo URU"]
[Date "2011.11.02"]
[Round "2.51"]
[White "Zambrana, Oswaldo"]
[Black "Montoro, Gustavo E"]
[Result "1/2-1/2"]
[WhiteElo "2502"]
[BlackElo "2027"]
[PlyCount "95"]
[EventDate "2011.11.01"]
[EventType "swiss"]
[EventRounds "9"]
[EventCountry "URU"]
[Source "lmi"]
[SourceDate "2011.11.01"]

1. e4 e6 2. d4 d5 3. Nd2 Nf6 4. e5 Nfd7 5. Bd3 c5 6. c3 Nc6 7. Ne2 cxd4 8. cxd4
f6 9. exf6 Nxf6 10. Nf3 Bd6 11. O-O Qc7 12. Bg5 O-O 13. Bh4 g6 14. Bg3 Bxg3 15.
hxg3 Qg7 16. Qd2 Ng4 17. Bb5 Rf5 18. Bd3 Rf8 19. Rfe1 Bd7 20. Rad1 Rae8 21. Bc2
h6 22. a3 g5 23. Rf1 Rf6 24. Nh2 Nxh2 25. Kxh2 Ref8 26. Kg1 Be8 27. b4 a6 28.
Rc1 Bh5 29. f3 Qe7 30. g4 Be8 31. Bb3 Qd6 32. Rc5 b6 33. Rc3 Kg7 34. Rfc1 Bd7
35. Ba4 b5 36. Bb3 a5 37. Rc5 axb4 38. axb4 Rb8 39. Qe3 Rb6 40. Bc2 Ne7 41. Bd3
Rf8 42. Bb1 Be8 43. Qa3 Bf7 44. Bd3 Rfb8 45. Qb2 R8b7 46. Ra1 Bg6 47. Qc3 Bxd3
48. Qxd3 1/2-1/2

[Event "Copa Latinoamericana de Ajedrez 2011"]
[Site "Montevideo URU"]
[Date "2011.11.02"]
[Round "2.52"]
[White "De Leon, Patricia"]
[Black "Claverie, Raul"]
[Result "0-1"]
[WhiteElo "1800"]
[BlackElo "2504"]
[PlyCount "46"]
[EventDate "2011.11.01"]
[EventType "swiss"]
[EventRounds "9"]
[EventCountry "URU"]
[Source "lmi"]
[SourceDate "2011.11.01"]

1. d4 e6 2. c4 f5 3. g3 Nf6 4. Bg2 c6 5. Nc3 d5 6. cxd5 exd5 7. Nh3 Bd6 8. O-O
O-O 9. Qc2 Na6 10. Bf4 Be7 11. Rad1 Nb4 12. Qb1 a5 13. Rfe1 Kh8 14. b3 Ne4 15.
Rc1 Bf6 16. Red1 g5 17. Be3 Qe7 18. Na4 f4 19. gxf4 Bxh3 20. Bxh3 gxf4 21. Bxf4
Bxd4 22. Rxd4 Rxf4 23. f3 Qg7+ 0-1

[Event "Copa Latinoamericana de Ajedrez 2011"]
[Site "Montevideo URU"]
[Date "2011.11.02"]
[Round "2.53"]
[White "Egoroff, Jomar"]
[Black "Ibañez, Rodrigo"]
[Result "1-0"]
[WhiteElo "2311"]
[BlackElo "1978"]
[PlyCount "37"]
[EventDate "2011.11.01"]
[EventType "swiss"]
[EventRounds "9"]
[EventCountry "URU"]
[Source "lmi"]
[SourceDate "2011.11.01"]

1. e4 e5 2. Nf3 d6 3. d4 exd4 4. Nxd4 Nf6 5. Nc3 Be7 6. Be2 O-O 7. Be3 a6 8.
O-O Bd7 9. f4 Nc6 10. Bf3 Re8 11. Kh1 Bf8 12. Qe2 Nxd4 13. Bxd4 Bc6 14. Rad1
Nxe4 15. Nxe4 Bxe4 16. Bxe4 d5 17. Be5 c6 18. Rd3 f6 19. Qh5 1-0

[Event "Copa Latinoamericana de Ajedrez 2011"]
[Site "Montevideo URU"]
[Date "2011.11.02"]
[Round "2.55"]
[White "Pazdur, Martin"]
[Black "Salguero, Rafael"]
[Result "1/2-1/2"]
[WhiteElo "2230"]
[BlackElo "1855"]
[PlyCount "81"]
[EventDate "2011.11.01"]
[EventType "swiss"]
[EventRounds "9"]
[EventCountry "URU"]
[Source "lmi"]
[SourceDate "2011.11.01"]

1. e4 e6 2. Qe2 c5 3. f4 Nc6 4. Nf3 Nf6 5. g3 Be7 6. Bg2 d5 7. e5 Nd7 8. O-O
O-O 9. d3 b5 10. a4 b4 11. c4 bxc3 12. bxc3 Rb8 13. Na3 Qa5 14. c4 d4 15. Ng5
Bb7 16. Bd2 Nb4 17. Bxb7 Bxg5 18. fxg5 Rxb7 19. Nb5 a6 20. Nd6 Ra7 21. Rf4 Qd8
22. Raf1 Nxe5 23. Ne4 Nbxd3 24. Rh4 f6 25. Qh5 g6 26. Qh6 fxg5 27. Rxf8+ Qxf8
28. Qxf8+ Kxf8 29. Nxg5 Nxc4 30. Nxe6+ Kg8 31. Bh6 Re7 32. Nf4 Nde5 33. Kf2 Rb7
34. Nd5 Rb2+ 35. Kf1 Kf7 36. Rf4+ Ke6 37. Nc7+ Kd7 38. Nxa6 Ne3+ 39. Kg1 Nd3
40. Nxc5+ Nxc5 41. Rxd4+ 1/2-1/2